000 00473nam a22001577a 4500
003 SISC
005 20160929163714.0
008 160929b xxu||||| |||| 00| 0 eng d
020 _a9781682852361
050 _aQA 7895
_b.Em53 2016
245 _aEmbedded system design /
_cedited by Alan Moore.
260 _aNew York :
_bWillford Press,
_c2016.
300 _a263 pages :
_billustrations (chiefly color) ;
_c27 cm.
650 _aEmbedded computer systems.
942 _2lcc
_cBK
999 _c305142
_d305142